| 000 | 01227cam a22003737a 4500 | ||
|---|---|---|---|
| 003 | CHAP | ||
| 005 | 20220817043600.0 | ||
| 008 | 991213d1995 it a rn 00110 fre d | ||
| 010 | _a79043 | ||
| 011 | _a80015 | ||
| 020 | _a9252034838 | ||
| 035 | _a90454 | ||
| 040 | _cCHAP | ||
| 082 |
_a595.13 _bF3f |
||
| 110 | 2 | _aFAO | |
| 245 | 1 | 0 |
_aEpidemiologie, diagnostic et prophylaxie des helminthiases des ruminants domestiques _c/par Jorgen Hansen et Brian Perry |
| 260 |
_aRome : _bFAO, _c1995. |
||
| 300 |
_a176 p. : _bilus. |
||
| 590 |
_aBATCH-UPD _b10 _c20130110 _lUCH01 _h0050 |
||
| 590 |
_aBATCH-UPD _b10 _c20130110 _lUCH01 _h0747 |
||
| 590 |
_aBATCH-UPD _b10 _c20130409 _lUCH01 _h2036 |
||
| 590 |
_aBATCH-UPD _b10 _c20130410 _lUCH01 _h0428 |
||
| 590 |
_aBATCH-UPD _b10 _c20130914 _lUCH01 _h1313 |
||
| 590 |
_aCONVERSION _b10 _c20130109 _lUCH01 _h1344 |
||
| 650 | 1 | 4 | _aEpidemiología. |
| 650 | 1 | 4 |
_aHelmintos parásitos de animales domésticos. _953479 |
| 650 | 1 | 4 |
_aNemátodos parásitos. _980826 |
| 700 | 0 |
_aHansen, Jorgen W. _952576 |
|
| 700 | 0 |
_aPerry, Brian. _987289 |
|
| 901 | _aBK | ||
| 905 | _aLilia Sánchez G. | ||
| 942 | _cLIBRO | ||
| 949 |
_a595.13 F3f _bBC _cLIBRO _d33724000739140 _eFAO1 _h96382 _i90454 _kDonaciØn _sb |
||
| 999 |
_c79043 _d79043 |
||